|
|
|
|
| LEADER |
01440nam a2200301 a 4500 |
| 003 |
GR-PaULI |
| 005 |
20210322092556.0 |
| 008 |
030205s2003 hiua b s001 0 eng d |
| 952 |
|
|
|0 0
|1 0
|2 ddc
|4 0
|6 730_959000000000000_8
|7 0
|9 234017
|a LISA
|b LISA
|c BSC
|d 2019-07-16
|l 0
|o 730.959 8
|p 025000263405
|r 2019-07-16 00:00:00
|t 1
|v 2019.00
|w 2019-07-16
|y BK15
|
| 999 |
|
|
|c 141943
|d 141943
|
| 020 |
|
|
|a 0824827791
|
| 040 |
|
|
|a GR-PaULI
|c GR-PaULI
|b gre
|d GR-AiPI
|e AACR2
|
| 082 |
0 |
4 |
|a 730.959 8
|2 23
|
| 100 |
1 |
|
|a Kinney, Ann R.,
|d 1931-
|9 177153
|e συγγραφέας.
|
| 245 |
1 |
0 |
|a Worshiping Siva and Buddha :
|b the temple art of East Java /
|c Ann R. Kinney with Marijke J. Klokke, Lydia Kieven ; photographs by Rio Helmi.
|
| 260 |
|
|
|a Honolulu :
|b University of Hawai'i Press,
|c c2003.
|
| 300 |
|
|
|a 303 σ. :
|b έγχρ. εικ.;
|c 32 εκ.
|
| 504 |
|
|
|a Περιλαμβάνει βιβλιογραφικές αναφορές (σ. 291-296) και ευρετήριο.
|
| 505 |
|
|
|a Αρχαία θεότητα Σίβα.
|
| 650 |
|
4 |
|a Γλυπτική, Ινδονησιακή.
|9 177205
|
| 650 |
|
4 |
|a Ναοί
|z Ινδονησία.
|9 177189
|
| 650 |
|
4 |
|a Βουδισμός
|9 16934
|
| 650 |
|
4 |
|a Ινδουϊσμός
|9 8540
|
| 700 |
1 |
|
|a Klokke, Marijke J.
|9 177190
|e συγγραφέας.
|
| 700 |
1 |
|
|a Kieven, Lydia.
|9 177191
|e συγγραφέας.
|
| 700 |
1 |
|
|a Helmi, Rio.
|9 177193
|e φωτογράφος.
|
| 942 |
|
|
|2 ddc
|c BK15
|
| 998 |
|
|
|c ΜΙΧΟΣΤΑΥΡΟΥ
|d 2019-07
|